[Event "Capablanca mem-B"]
[Site "Cienfuegos"]
[Date "1985.??.??"]
[Round "7"]
[White "Csom, Istvan"]
[Black "Huerta, Ramon"]
[Result "1/2-1/2"]
[WhiteElo "2480"]
[BlackElo "2440"]

1.c4 e6 2.Nf3 d5 3.b3 Nf6 4.Bb2 Be7 5.cxd5 exd5 6.e3 O-O 7.d3 b6 8.Be2 Bb7
9.O-O Nbd7 10.Nbd2 Re8 11.Re1 Bf8 12.Bf1 a5 13.a3 Nc5 14.Bc3 Ne6 15.b4 axb4
16.axb4 c6 17.Qb3 Nd7 18.Qb2 Qc7 19.Nb3 Rxa1 20.Rxa1 Ra8 21.Rxa8 Bxa8 22.Nbd4 Nxd4
23.Nxd4 Bb7 24.Nf5 g6 25.Nd4 Qd6 26.Nc2 Be7 27.h3 Qc7 28.Be2 Qd6 29.Qa1 Bd8
30.Bg4 Nf6 31.Be5 Qe7 32.Bf3 Nd7 33.Bf4 Nf8 34.Bg4 h5 35.Be2 Ne6 36.Be5 Nf8
37.Bf3 Nd7 38.Bg3 Nf8 39.Qa7 Qd7 40.Be5 Qc8 41.Nd4 Nd7 42.Bd6 Bc7 43.Bxc7 Qxc7
44.b5 c5 45.Bxd5 cxd4 46.Qxb7 Qxb7 47.Bxb7 dxe3 48.fxe3 Nc5  1/2-1/2

[Event "Esbjerg"]
[Site "Esbjerg"]
[Date "1985.??.??"]
[Round "3"]
[White "Csom, Istvan"]
[Black "Olafsson, Helgi"]
[Result "1/2-1/2"]
[WhiteElo "2465"]
[BlackElo "2515"]

1.c4 e6 2.Nf3 d5 3.b3 c5 4.e3 Nc6 5.Bb2 Nf6 6.cxd5 exd5 7.Be2 Bd6 8.O-O O-O
9.d3 Re8 10.Nbd2 Bd7 11.Re1 Rc8  1/2-1/2

[Event "Esbjerg"]
[Site "Esbjerg"]
[Date "1985.??.??"]
[Round "6"]
[White "Csom, Istvan"]
[Black "Rodgaard, John"]
[Result "1/2-1/2"]
[WhiteElo "2465"]
[BlackElo "2365"]

1.c4 e6 2.Nf3 d5 3.g3 Nf6 4.Bg2 dxc4 5.Qa4+ Nbd7 6.Qxc4 c5 7.Qc2 b6 8.b3 Bb7
9.Bb2 Rc8 10.O-O Be7 11.d3 O-O 12.Nbd2 Rc7 13.Rac1 Qa8 14.Qb1 Rd8 15.a3 Ne8
16.Rc2 h6 17.Rfc1 Rdc8 18.Nc4 Bf6 19.Bxf6 Ndxf6 20.Qb2 Nd5 21.e4 Ne7 22.b4 Qb8
23.Rc3 cxb4 24.axb4 Nd6 25.Nxd6 Rxc3 26.Rxc3 Qxd6 27.Nd4 Rxc3 28.Qxc3 Nc6
29.Nc2 a5  1/2-1/2

[Event "Hamburg-ch"]
[Site "Hamburg"]
[Date "1985.??.??"]
[Round "?"]
[White "Andersen, Jens Knud"]
[Black "Schacht, Holger"]
[Result "0-1"]
[WhiteElo "2200"]
[BlackElo "2270"]

1.c4 e6 2.Nf3 d5 3.d4 Nf6 4.Nc3 Be7 5.e3 O-O 6.b3 b6 7.Bb2 Bb7 8.Bd3 c5 9.O-O Nc6
10.Qe2 cxd4 11.exd4 dxc4 12.bxc4 Nb4 13.Bb1 Bxf3 14.gxf3 Nh5 15.d5 Bd6 16.Ne4 Qh4
17.Ng3 Nf4  0-1

[Event "Havana-B"]
[Site "Havana"]
[Date "1985.??.??"]
[Round "7"]
[White "Zaltsman, Vitaly F"]
[Black "Frey, Kenneth"]
[Result "1/2-1/2"]
[WhiteElo "2410"]
[BlackElo "2410"]

1.c4 e6 2.Nf3 d5 3.g3 Nf6 4.Bg2 Be7 5.O-O O-O 6.b3 b6 7.Bb2 Bb7 8.e3 Nbd7
9.Qe2 Nc5 10.Ne5 Nfd7 11.Nxd7 Qxd7 12.d4 Ne4 13.Rd1 a5 14.f3 Nd6 15.e4 a4
16.cxd5 exd5 17.Nc3 axb3 18.axb3 Rxa1 19.Rxa1 Ra8 20.Rxa8+ Bxa8 21.e5 Ne8
22.f4 Bb7 23.Qb5 Qxb5 24.Nxb5 c6 25.Ba3 Bxa3 26.Nxa3 Nc7 27.Kf2 c5 28.Nc2 Kf8
29.Ke3 Bc8 30.Bf1 Ke7 31.Bd3 h6 32.Kd2 f6 33.Kc3 fxe5 34.fxe5 Bh3 35.Ne3 Ke6
36.g4 g6 37.Be2 h5 38.gxh5 gxh5 39.Bd3 h4 40.Be2 Ke7  1/2-1/2

[Event "NLD-ch"]
[Site "Hilversum"]
[Date "1985.??.??"]
[Round "?"]
[White "Ree, Hans"]
[Black "Boersma, Paulus A"]
[Result "0-1"]
[WhiteElo "2455"]
[BlackElo "2380"]

1.c4 e6 2.Nf3 d5 3.d4 Nf6 4.Bg5 Be7 5.Nc3 O-O 6.Qc2 h6 7.Bxf6 Bxf6 8.O-O-O c5
9.dxc5 d4 10.e3 dxc3 11.Rxd8 cxb2+ 12.Kb1 Rxd8 13.Nd2 g6 14.Ne4 Bg7 15.Nc3 Na6
16.Na4 Nb4 17.Qe2 Bd7 18.Nxb2 Bc6 19.f3 b6 20.a3 bxc5 21.axb4 cxb4 22.Nd3 a5
23.g3 a4 24.Bg2 a3 25.Ka2 b3+ 26.Kxb3 a2 27.e4 Rdb8+ 28.Kc2 Ba4+ 29.Kd2 Rb1  0-1

[Event "JUG-ch"]
[Site "Novi Sad"]
[Date "1985.??.??"]
[Round "?"]
[White "Cvitan, Ognjen"]
[Black "Abramovic, Bosko"]
[Result "1-0"]
[WhiteElo "2465"]
[BlackElo "2460"]

1.Nf3 e6 2.c4 d5 3.d4 Nf6 4.Nc3 Be7 5.Bg5 h6 6.Bh4 O-O 7.e3 b6 8.Qc2 Bb7
9.Bxf6 Bxf6 10.cxd5 exd5 11.O-O-O c5 12.h4 Nc6 13.g4 cxd4 14.exd4 g6 15.g5 hxg5
16.hxg5 Bg7 17.Qd2 Qd6 18.Rh4 Rac8 19.Bh3 Rc7 20.Kb1 a6 21.Rh1 Na5 22.Bf1 Bc8
23.Ne5 Bf5+ 24.Bd3 Nc4 25.Nxc4 dxc4 26.Bxf5 gxf5 27.Qe3 Rd8 28.Qh3 Kf8 29.Re1 Qg6
30.Nd5 Rxd5 31.Rh8+ Bxh8 32.Qxh8+ Qg8 33.Re8+ Kxe8 34.Qxg8+ Kd7 35.g6 Ke6
36.g7 Kf6 37.Qf8  1-0

[Event "NZD-ch"]
[Site "?"]
[Date "1985.??.??"]
[Round "?"]
[White "Stuart, Peter"]
[Black "Garbett, Paul Anthony"]
[Result "1/2-1/2"]
[WhiteElo "2225"]
[BlackElo "2310"]

1.c4 e6 2.Nf3 d5 3.b3 c6 4.Bb2 Nf6 5.Qc2 Nbd7 6.g3 Bd6 7.Bg2 O-O 8.O-O Qe7
9.d3 b6 10.a3 Bb7 11.Nbd2 Rfd8 12.Rfe1 Nf8 13.e4 dxe4 14.dxe4 e5 15.c5 Bxc5
16.Nxe5 Ne6 17.Ndf3 Rac8 18.b4 Bd4 19.Nxd4 Nxd4 20.Bxd4 Rxd4 21.Nf3 Rxe4
22.Rxe4 Qxe4 23.Qxe4 Nxe4 24.Nd4 Nd6 25.Rd1 c5 26.Nf5 Nxf5 27.Bxb7 Rb8 28.bxc5 bxc5
29.Rd7 c4 30.Be4 g6 31.Bxf5 gxf5 32.Rxa7 Rc8 33.Rb7 f4 34.gxf4 c3 35.Rb1 Ra8
36.Rb3 Rc8  1/2-1/2

[Event "NZD-ch"]
[Site "?"]
[Date "1985.??.??"]
[Round "?"]
[White "Stuart, Peter"]
[Black "Freeman, Michael"]
[Result "1/2-1/2"]
[WhiteElo "2225"]
[BlackElo "2200"]

1.c4 e6 2.Nf3 d5 3.b3 Nf6 4.g3 Bd6 5.Bb2 O-O 6.Bg2 Nbd7 7.O-O b6 8.Nc3 a6
9.cxd5 exd5 10.Nd4 Bb7 11.Nf5 Ne5 12.d4 Ng6 13.Nxd6 Qxd6 14.Qd3 Rfe8 15.Rac1 Re7
16.Nb1 Qe6 17.e3 Ne4 18.Ba3 Rd7 19.Rc2 Qf5 20.Rfc1 a5 21.f3 Nxg3 22.Qxf5 Nxf5
23.Rxc7 Rxc7 24.Rxc7 Ba6 25.Kf2 Re8 26.Bc1 Nf4 27.Bf1 Bxf1 28.Kxf1 Nd3 29.Bd2 h5
30.Ke2 Nf4+ 31.Kf2 Nd3+ 32.Ke2 Nf4+ 33.Kf2 Nd3+  1/2-1/2

[Event "Nordic-chT"]
[Site "Pohja"]
[Date "1985.??.??"]
[Round "?"]
[White "Hertneck, Gerald"]
[Black "Agdestein, Espen"]
[Result "1-0"]
[WhiteElo "2410"]
[BlackElo "2325"]

1.c4 e6 2.Nf3 d5 3.b3 Nf6 4.g3 g6 5.Bg2 Bg7 6.Bb2 O-O 7.Qc2 b6 8.d4 Bb7 9.Nbd2 Nbd7
10.c5 c6 11.a3 Ne4 12.b4 Nxd2 13.Nxd2 f5 14.O-O Qe7 15.f4 Nf6 16.Nf3 Ne4
17.Ne5 Bxe5 18.fxe5 bxc5 19.bxc5 Ba6 20.Bc1 Rab8 21.Bh6 Rfc8 22.Rfb1 Qc7
23.Rb4 Bb5 24.Rab1 a5 25.R4b2 Ba6 26.Bxe4 Rxb2 27.Rxb2 dxe4 28.Rb6 Ra8 29.Qa4 Bb5
30.Qb3 Qd7 31.a4 Qxd4+ 32.Kf1 Qc4 33.Qd1 Ba6 34.Rxc6 e3 35.Rd6 Re8 36.Rxa6 Qe4
37.Kg1 Rb8 38.Rb6 Rc8 39.Qd7  1-0

[Event "Rome-B"]
[Site "Rome"]
[Date "1985.??.??"]
[Round "6"]
[White "Pernisco, Ermanno"]
[Black "Passerotti, Pierluigi"]
[Result "0-1"]
[WhiteElo "2200"]
[BlackElo "2280"]

1.c4 e6 2.Nf3 d5 3.e3 Nf6 4.b3 Be7 5.Be2 O-O 6.O-O b6 7.Bb2 Bb7 8.d4 Nbd7
9.Nc3 a6 10.Rc1 Qb8 11.cxd5 exd5 12.Ne5 Qa7 13.Bf3 Rad8 14.Nd3 c5 15.Ba3 Rfe8
16.dxc5 bxc5 17.Na4 Ne4 18.Qe1 Bc6 19.Nab2 Bb5 20.Qa5 Bd6 21.Rfd1 Ndf6 22.g3 d4
23.exd4 Bc7 24.Qe1 Ng5 25.Be2 Qa8 26.h4 Nf3+ 27.Bxf3 Qxf3 28.Qf1 Bc6 29.Qh3 Re2
30.Rxc5 Rde8 31.Rf5 Qe4 32.Bb4 Bd7 33.Nc5 Qxf5 34.Qxf5 Bxf5 35.Nxa6 Bb6 36.Rd2 Bg4
37.Rxe2 Rxe2 38.Nc4 Rxa2 39.Nc5 Bf3 40.Ne3 Ne4 41.Nxe4 Bxe4  0-1

[Event "Sochi"]
[Site "Sochi"]
[Date "1985.??.??"]
[Round "?"]
[White "Barlov, Dragan"]
[Black "Sveshnikov, Evgeny"]
[Result "1/2-1/2"]
[WhiteElo "2430"]
[BlackElo "2530"]

1.c4 e6 2.Nf3 d5 3.g3 Nf6 4.Bg2 dxc4 5.Qa4+ Nbd7 6.Qxc4 c5 7.Qb3 Rb8 8.d3 Bd6
9.Nfd2 b6 10.Nc4 Bc7 11.Nc3 a6 12.a4 Bb7 13.Bxb7 Rxb7 14.O-O Qb8 15.Qc2 h5
16.e4 h4 17.f4 hxg3 18.hxg3  1/2-1/2

[Event "Sochi"]
[Site "Sochi"]
[Date "1985.??.??"]
[Round "?"]
[White "Pigusov, Evgeny"]
[Black "Sveshnikov, Evgeny"]
[Result "1/2-1/2"]
[WhiteElo "2455"]
[BlackElo "2530"]

1.c4 e6 2.Nf3 d5 3.g3 Nf6 4.Bg2 dxc4 5.Qa4+ Nbd7 6.Qxc4 c5 7.d3 a6 8.a4 b5
9.Qb3 Bb7 10.axb5 Bd5 11.Qc2 axb5 12.Rxa8 Qxa8 13.O-O Be7 14.b3 O-O 15.Bb2 Qb7
16.Nbd2 Ra8 17.Ra1 Rxa1+ 18.Bxa1  1/2-1/2

[Event "BUL-ch"]
[Site "Sofia"]
[Date "1985.??.??"]
[Round "2"]
[White "Danailov, Silvio"]
[Black "Donchev, Dimitar I"]
[Result "1/2-1/2"]
[WhiteElo "2445"]
[BlackElo "2445"]

1.Nf3 e6 2.c4 d5 3.g3 Nf6 4.b3 Be7 5.Bg2 c5 6.Bb2 dxc4 7.bxc4 Nc6 8.O-O O-O
9.d3 Qc7 10.Nc3 a6 11.e3 Rd8 12.Qe2 Rb8 13.a4 Bd7 14.Rad1 Be8 15.Rd2 Na5
16.Rdd1 Nc6 17.Rd2 Na5 18.Rdd1  1/2-1/2

[Event "BUL-ch"]
[Site "Sofia"]
[Date "1985.??.??"]
[Round "9"]
[White "Dobrev, Nanko"]
[Black "Popchev, Milko"]
[Result "0-1"]
[WhiteElo "2275"]
[BlackElo "2480"]

1.c4 e6 2.Nf3 d5 3.d4 c6 4.Bg5 Be7 5.Bxe7 Qxe7 6.Qc2 Nd7 7.Nbd2 Ngf6 8.e3 e5
9.dxe5 Nxe5 10.Nxe5 Qxe5 11.Bd3 O-O 12.Nf3 Qh5 13.c5 Ne4 14.Nd4 f5 15.O-O Rf6
16.f3 Rh6 17.g3 Nxc5 18.Bxf5 Ne6 19.Bd3 Rf6 20.Nf5 Ng5 21.Nd4 Bh3 22.g4 Qe8
23.Rfe1 Nxf3+ 24.Nxf3 Rxf3 25.Bxh7+ Kh8 26.Bf5 Qe7 27.Qe2 Rxf5 28.gxf5 Qg5+
29.Kh1 Bxf5 30.Rg1 Be4+ 31.Rg2 Re8 32.Re1 d4 33.Kg1 Qxg2+ 34.Qxg2 Bxg2 35.Kxg2 Rxe3
36.Rxe3 dxe3 37.Kf3 Kh7 38.Kxe3 Kh6 39.Ke4 Kh5 40.a4 a5 41.Kd4 Kh4 42.Kc5 Kh3
43.Kb6 g5 44.Kxb7 g4 45.Kxc6 Kxh2  0-1

[Event "Tbilisi"]
[Site "Tbilisi"]
[Date "1985.??.??"]
[Round "?"]
[White "Paehtz, Thomas Sr"]
[Black "Kallai, Gabor"]
[Result "1/2-1/2"]
[WhiteElo "2385"]
[BlackElo "2410"]

1.c4 e6 2.Nf3 d5 3.b3 c5 4.Bb2 Nf6 5.e3 Nc6 6.d3 d4 7.exd4 cxd4 8.g3 Be7
9.Bg2 e5 10.O-O Bf5 11.b4 Bxb4 12.Nxe5 Nxe5 13.Qa4+ Bd7 14.Qxb4 Nxd3 15.Qa3 Nxb2
16.Nd2 Rc8 17.Qxb2  1/2-1/2

[Event "Trencianske Teplice"]
[Site "Trencianske Teplice"]
[Date "1985.??.??"]
[Round "14"]
[White "Ftacnik, Lubomir"]
[Black "Ubilava, Elizbar"]
[Result "1/2-1/2"]
[WhiteElo "2500"]
[BlackElo "2485"]

1.c4 e6 2.Nf3 d5 3.g3 Nf6 4.Bg2 g6 5.b3 Bg7 6.Bb2 O-O 7.O-O b6 8.Nc3 Bb7
9.d4 Nbd7 10.Qc2 c5 11.cxd5 Nxd5 12.Nxd5 Bxd5 13.e4 Bb7 14.Rfd1 cxd4 15.Nxd4 Rc8
16.Qe2 Qe7 17.Nb5 Ba6 18.Bxg7 Kxg7 19.a4 Bxb5 20.Qxb5 Rfd8 21.b4 Nb8 22.a5 Rxd1+
23.Rxd1 Nc6 24.axb6 axb6 25.Qxb6  1/2-1/2

[Event "Tirnavia-B"]
[Site "Trnava"]
[Date "1985.??.??"]
[Round "1"]
[White "Tichy, Vladimir"]
[Black "Tibensky, Robert"]
[Result "1/2-1/2"]
[WhiteElo "2365"]
[BlackElo "2340"]

1.Nf3 e6 2.c4 d5 3.d4 Nf6 4.Bg5 Nbd7 5.Nc3 c6 6.e3 Be7 7.cxd5 Nxd5 8.Bxe7 Qxe7
9.Nxd5 exd5 10.Bd3 Nf6 11.Qc2 O-O 12.O-O Ne4 13.Nd2 Re8 14.Rab1 Bf5 15.b4 Qg5
16.Nf3 Qh5 17.Ne5 f6 18.Nf3 a6 19.Nd2 Qg6 20.Nxe4 Bxe4 21.Bxe4 Rxe4 22.Qd3 Rae8
23.a4 f5 24.g3 h5 25.b5 axb5 26.axb5 h4 27.bxc6 bxc6 28.Kg2 Qg5 29.Qd1 f4
30.exf4 Rxf4 31.Rb6 Qg6 32.Rxc6  1/2-1/2

[Event "SWE-ch"]
[Site "Uppsala"]
[Date "1985.??.??"]
[Round "?"]
[White "Schneider, Lars Ake"]
[Black "Ingbrandt, Johan"]
[Result "1-0"]
[WhiteElo "2425"]
[BlackElo "2200"]

1.c4 e6 2.Nf3 d5 3.g3 Nf6 4.Bg2 dxc4 5.Qa4+ Nbd7 6.Qxc4 c5 7.d4 a6 8.Qc2 cxd4
9.Nxd4 Nc5 10.Nb3 Nfd7 11.O-O Nxb3 12.Qxb3 Bc5 13.Nc3 O-O 14.Ne4 Qe7 15.Nxc5 Nxc5
16.Qa3 Rb8 17.Be3 b6 18.Rfc1 Bb7 19.Bxb7 Qxb7 20.Bxc5 bxc5 21.b3 Qb5 22.Rc4 Rbc8
23.Rac1 Rc6 24.e3 Rfc8 25.Qb2 g6 26.Qe5 Qa5 27.R1c2 Qb6 28.h4 h5 29.Kh2 Qd8
30.b4 Qd3 31.bxc5 Rd8 32.Qe4 Qxe4 33.Rxe4 Rdc8 34.Rec4 Kf8 35.Kg2 Ke7 36.Kf3 Rb8
37.Kf4 Rb5 38.Kg5 Rb8 39.e4 e5 40.Rd2 Rg8 41.Rb2 f6+ 42.Kh6 Rc7 43.Rcb4 Rxc5
44.Rb7+ Kd6 45.R2b6+ Rc6 46.Kh7  1-0

[Event "Aarhus-B"]
[Site "Aarhus"]
[Date "1986.??.??"]
[Round "4"]
[White "Jacobsen, Bo"]
[Black "Schandorff, Lars"]
[Result "1-0"]
[WhiteElo "2285"]
[BlackElo "2335"]

1.c4 e6 2.Nf3 d5 3.b3 Nf6 4.g3 a5 5.Bb2 a4 6.Bg2 a3 7.Bc1 c6 8.O-O Bd6 9.d4 b6
10.Nc3 O-O 11.Qd3 Nbd7 12.e4 Bb4 13.e5 Ne8 14.Bg5 f6 15.exf6 gxf6 16.Bh6 Rf7
17.Rac1 Nf8 18.Nh4 Nc7 19.Rfd1 Bd7 20.Kh1 Be8 21.f4 f5 22.Nf3 Nd7 23.Rc2 Bd6
24.Re1 Qb8 25.Rce2 Rf6 26.Bg5 Rf8 27.Ne5 Nxe5 28.fxe5 Bb4 29.Rc1 Bg6 30.Qe3 Qb7
31.Nd1 c5 32.Nc3 Qa6 33.dxc5 Bxc5 34.Qd2 d4 35.Nd1 Rfe8 36.Nf2 Rac8 37.Nd3 Bf8
38.Nf4 Qa5 39.Qxd4 Bc5 40.Qd7 Bf7 41.Bf3 Rf8 42.Bf6 Qa6 43.g4 Ne8 44.Bb7 Rc7
45.Qxf7+ Kxf7 46.Bxa6 fxg4 47.Rd1  1-0

[Event "OHRA-B"]
[Site "Amsterdam"]
[Date "1986.??.??"]
[Round "2"]
[White "Ree, Hans"]
[Black "Pieterse, Gert"]
[Result "1-0"]
[WhiteElo "2450"]
[BlackElo "2265"]

1.c4 e6 2.Nf3 d5 3.d4 c6 4.Qc2 Bd6 5.g3 f5 6.Bg2 Nf6 7.O-O O-O 8.b3 Qe7 9.Bb2 Bd7
10.Ne5 Be8 11.Nd2 Nbd7 12.f4 Bh5 13.cxd5 cxd5 14.Qd3 Rac8 15.Rfc1 Ba3 16.Bxa3 Qxa3
17.Rxc8 Rxc8 18.Nxd7 Nxd7 19.Bf3 Bxf3 20.Nxf3 Nf6 21.Qb5 b6 22.Ng5 Qd6 23.a4 h6
24.Nf3 Qc7 25.Rd1 Ne4 26.Re1 Kh7 27.Kg2 Qd8 28.Qa6 Rc7 29.a5 Qd6 30.Ra1 Qb4
31.axb6 axb6 32.Qa8 Rc2 33.Ra7 Qb5 34.Ng1 Rxe2+ 35.Kh3 Re1 36.Qf8 Ng5+ 37.Kh4  1-0

[Event "OHRA-B"]
[Site "Amsterdam"]
[Date "1986.??.??"]
[Round "6"]
[White "Pliester, Leon"]
[Black "Kuijf, Marinus"]
[Result "1/2-1/2"]
[WhiteElo "2380"]
[BlackElo "2430"]

1.c4 e6 2.Nf3 d5 3.g3 dxc4 4.Qa4+ Nd7 5.Qxc4 a6 6.Bg2 b5 7.Qc2 Bb7 8.O-O Ngf6
9.b3 Bd6 10.Bb2 O-O 11.d3 c5 12.Nbd2 Qb6 13.Ng5 Bxg2 14.Kxg2 Be7 15.e4 Ng4
16.Ngf3 Bf6 17.h3 Bxb2 18.Qxb2 Ngf6 19.a4 Rac8 20.axb5 axb5 21.Ra2 Rfd8 22.Rfa1 Nb8
23.Qc3 Qd6 24.Ne1 Nc6 25.Ndf3 Nd7 26.Ra6 Qb8 27.h4 h6 28.Qc1 Qb7 29.Qf4 Ndb8
30.R6a2 Qe7 31.h5 Rd7 32.Rc1 Nd4 33.Nxd4 Rxd4 34.Ra8 Rdd8 35.Rca1 Nc6 36.Rxc8 Rxc8
37.Nf3 Rd8 38.Ne5 Nxe5 39.Qxe5 b4 40.Ra5 f6 41.Qxc5 Qxc5 42.Rxc5 Rxd3 43.Rc8+ Kf7
44.Rc7+ Kf8 45.Rc8+ Ke7 46.Rc7+ Kd6 47.Rxg7 Rxb3 48.Rg6 Rc3 49.Rxh6 Rc8 50.Rxf6 b3
51.Rf3 Rb8 52.Rd3+ Ke5 53.Rd1 Kxe4 54.g4 Kf4 55.Kh3 e5 56.Kh4 Kf3 57.h6 e4
58.g5 Kxf2 59.g6 e3 60.g7 e2 61.Rb1 e1=Q 62.Rxe1 Kxe1 63.h7 b2 64.g8=Q b1=Q  1/2-1/2

[Event "OHRA-B"]
[Site "Amsterdam"]
[Date "1986.??.??"]
[Round "8"]
[White "Gheorghiu, Florin"]
[Black "Pieterse, Gert"]
[Result "1-0"]
[WhiteElo "2555"]
[BlackElo "2265"]

1.c4 e6 2.Nf3 d5 3.d4 c6 4.Qc2 Bd6 5.g3 f5 6.Bg2 Nf6 7.Bf4 Bxf4 8.gxf4 O-O
9.e3 Ne4 10.Nbd2 Nxd2 11.Qxd2 Nd7 12.cxd5 cxd5 13.O-O-O Nb6 14.Ne5 Qd6 15.Kb1 Bd7
16.Rc1 Rfc8 17.Qa5 a6 18.Rc5 Bb5 19.Rhc1 Nc4 20.Qb4 Qf8 21.Nxc4 Bxc4 22.Qxb7 Rxc5
23.dxc5 Rb8 24.Qc7 Rc8 25.Qd7 Qxc5 26.Qxe6+ Kh8 27.Ka1 Rb8 28.Qe5 Rf8 29.b3 Qa3
30.Qb2  1-0

[Event "OHRA-B"]
[Site "Amsterdam"]
[Date "1986.??.??"]
[Round "9"]
[White "Smejkal, Jan"]
[Black "Murrey, Jacob"]
[Result "1-0"]
[WhiteElo "2540"]
[BlackElo "2490"]

1.c4 e6 2.Nf3 d5 3.d4 Nf6 4.Nc3 c5 5.cxd5 cxd4 6.Qxd4 Nxd5 7.e4 Nc6 8.Bb5 Nxc3
9.Bxc6+ bxc6 10.Qxc3 c5 11.O-O Bb7 12.Re1 Qb6 13.Bf4 f6 14.Nd2 Be7 15.Nc4 Qb4
16.Rac1 Qxc3 17.Rxc3 e5 18.Bd2 Kf7 19.f3 Ba6 20.Rec1 Rhb8 21.b3 Bb5 22.Ne3 a5
23.Nd5 a4 24.Be3 axb3 25.axb3 Bd7 26.Rd3 Be6 27.Nxe7 Kxe7 28.Bxc5+ Kf7 29.b4 Ra2
30.Rcd1 h5 31.h4 Rba8 32.R3d2 Rxd2 33.Rxd2 Ra1+ 34.Kh2 Ra2 35.Rd1 Bc4 36.Kg1 Bb5
37.Bf2 Rb2 38.Be1 Ke6 39.Rd5 Bc4 40.Rc5 Rc2 41.Rc7 Rc1 42.Kf2 Rc2+ 43.Kg3 g5
44.hxg5 fxg5 45.b5 Bd3 46.Rxc2 Bxc2 47.b6 Kd6 48.Bd2 g4 49.fxg4 hxg4 50.Kxg4 Bxe4
51.g3 Bb7 52.Kg5 Kc5 53.Be3+ Kd6 54.g4 Bc8 55.Kh5 Ke7 56.Kg6 Ke6 57.g5 Bb7
58.Kg7 Be4 59.g6 Kf5 60.Bc1 Bd5 61.Kh7  1-0

[Event "Bayern-ch"]
[Site "Bayern"]
[Date "1986.??.??"]
[Round "?"]
[White "Blazi, Janos"]
[Black "Keller, Manfred"]
[Result "1-0"]
[WhiteElo "2280"]
[BlackElo "2260"]

1.c4 e6 2.Nf3 d5 3.g3 Nf6 4.Bg2 Be7 5.Qc2 O-O 6.O-O dxc4 7.Qxc4 a6 8.Qc2 c5
9.Ne5 Ra7 10.b3 b6 11.Bb2 Bb7 12.Bxb7 Rxb7 13.d3 Nfd7 14.Nxd7 Rxd7 15.Nd2 Nc6  1-0

[Event "Bayern-ch"]
[Site "Bayern"]
[Date "1986.??.??"]
[Round "?"]
[White "Wachinger, Guenther"]
[Black "Keller, Manfred"]
[Result "1/2-1/2"]
[WhiteElo "2295"]
[BlackElo "2260"]

1.c4 e6 2.Nf3 d5 3.e3 Nf6 4.Nc3 dxc4 5.Bxc4 a6 6.d4 c5 7.O-O Nc6 8.Qe2 Qc7
9.Rd1 Bd6 10.dxc5 Bxc5 11.a3  1/2-1/2

[Event "Berlin op"]
[Site "Berlin-West"]
[Date "1986.??.??"]
[Round "?"]
[White "Shvidler, Eliahu"]
[Black "Sehner, Norbert"]
[Result "1-0"]
[WhiteElo "2425"]
[BlackElo "2390"]

1.c4 e6 2.Nf3 d5 3.g3 Nf6 4.Bg2 c6 5.b3 Be7 6.O-O O-O 7.Bb2 b5 8.Qc2 Bb7
9.d3 Qb6 10.Nbd2 a5 11.a3 Rd8 12.d4 dxc4 13.bxc4 c5 14.cxb5 Qxb5 15.e3 Nbd7
16.Rfb1 Rac8 17.d5 Nxd5 18.e4 Nc7 19.Bxg7 Qa6 20.Bc3 Bc6 21.a4 c4 22.Bf1 Nc5
23.Ne5 Nd3 24.Nexc4 Bxe4 25.Nxe4 Qxc4 26.Qe2 f5 27.Nf6+ Kf8 28.Nxh7+ Kg8
29.Rc1 Ne8 30.Bxa5 Qd5 31.Rxc8 Rxc8 32.Qxd3 Qxa5 33.Qd7 Qc5 34.a5 Kxh7 35.a6 Rd8
36.Qxe6 Bf6 37.Ra4 Bd4 38.Rc4 Qa5 39.Qe7+ Kg6 40.Rxd4 Rxd4 41.Qxe8+ Kg7 42.Bb5 Qc7
43.Qe3 Rd1+ 44.Kg2 Kf8 45.Qf3 Qc1 46.Qxf5+ Ke7 47.Qe4+ Kd6 48.Qg6+ Kc7 49.a7 Rg1+
50.Kh3 Kb7 51.Qa6+  1-0

[Event "Biel-JMT"]
[Site "Biel"]
[Date "1986.??.??"]
[Round "?"]
[White "Csom, Istvan"]
[Black "Toth, Bela"]
[Result "1-0"]
[WhiteElo "2505"]
[BlackElo "2435"]

1.c4 e6 2.Nf3 d5 3.b3 Nf6 4.Bb2 c5 5.e3 Nc6 6.cxd5 Nxd5 7.a3 Nf6 8.Qc2 Be7
9.Be2 Bd7 10.O-O Rc8 11.d3 O-O 12.Nbd2 Qc7 13.Rac1 Rfd8 14.Qb1 Qb8 15.Qa1 Ne8
16.Rfe1 b6 17.Bf1 Rc7 18.Bc3 Bf6 19.Qb2 Bxc3 20.Rxc3 Bc8 21.Rec1 Bb7 22.b4 cxb4
23.axb4 Rdc8 24.Nc4 Ba8 25.b5 Na5 26.Nfd2 Nxc4 27.Nxc4 Bd5 28.d4 Bxc4 29.Bxc4 h6
30.h3 Nd6 31.Bd3 Rxc3 32.Rxc3 Rxc3 33.Qxc3 Qc8 34.Qa3 Qc7 35.h4 Ne8 36.g3 Nf6
37.Bf1 Nd5 38.Qa1 Kf8 39.Bg2 Qd7 40.Qb2 Nc7 41.Qa3+ Kg8 42.Qxa7 Qd6 43.Bc6 Nd5
44.Qa8+ Kh7 45.Bxd5 exd5 46.Qc6 Qd8 47.Kf1 Kg8 48.Ke2 Kf8 49.Kd2 Ke7 50.Kd3 h5
51.Ke2 f6 52.Qb7+ Kf8 53.Kf3 Qd6 54.Qc8+ Kf7 55.Kg2 g6 56.Qh8 f5 57.Qh7+ Kf6
58.Qb7 Qe6 59.Qc7 Qe4+ 60.Kh2 Qf3 61.Qxb6+  1-0

[Event "FRG-ch qual"]
[Site "Brilon"]
[Date "1986.??.??"]
[Round "?"]
[White "Brueckner, Thomas"]
[Black "Kargoll, Peter"]
[Result "1-0"]
[WhiteElo "2345"]
[BlackElo "2260"]

1.c4 e6 2.Nf3 d5 3.g3 Nf6 4.Bg2 Be7 5.O-O O-O 6.d4 Ne4 7.Nc3 f5 8.Qb3 c6
9.Ne5 Qb6 10.Be3 Nd7 11.Nxe4 fxe4 12.Nxd7 Bxd7 13.Qc3 Rae8 14.c5 Qd8 15.f3 exf3
16.exf3 g5 17.Rae1 Rf7 18.f4 g4 19.Rf2 h5 20.Bf1 Kg7 21.Qd2 Rh8 22.Bd3 Qf8
23.Ref1 Bf6 24.Bc2 Re7 25.f5 exf5 26.Bxf5 Be8 27.Bg5 Bf7 28.Bb1  1-0

[Event "ITA-ch46"]
[Site "Cesenatico"]
[Date "1986.??.??"]
[Round "2"]
[White "De Eccher, Stefano"]
[Black "Braga, Fernando"]
[Result "1/2-1/2"]
[WhiteElo "2325"]
[BlackElo "2470"]

1.c4 e6 2.Nf3 d5 3.b3 Nf6 4.g3 c5 5.Bg2 Be7 6.O-O O-O 7.Bb2 Nc6 8.d3 b6 9.e3 Bb7
10.Qe2 Qc7 11.Nc3 Rad8 12.Rfd1 Rfe8 13.Rac1 Qb8 14.cxd5 exd5 15.d4 Ne4 16.dxc5 Nxc3
17.Bxc3 bxc5 18.Qb2 Bf8 19.Nh4 d4 20.exd4 cxd4 21.Bxd4 Ba3 22.Qxa3 Nxd4 23.Rxd4 Rxd4
24.Nf5 Rd7  1/2-1/2

[Event "ITA-ch46"]
[Site "Cesenatico"]
[Date "1986.??.??"]
[Round "4"]
[White "De Eccher, Stefano"]
[Black "Bellini, Fabio"]
[Result "1-0"]
[WhiteElo "2325"]
[BlackElo "2380"]

1.c4 e6 2.Nf3 d5 3.b3 d4 4.g3 Nc6 5.d3 e5 6.Bg2 Nf6 7.O-O Bc5 8.b4 Bxb4 9.Nxe5 Nxe5
10.Qa4+ Nc6 11.Bxc6+ bxc6 12.Qxb4 Bh3 13.Re1 Rb8 14.Qc5 Qd6 15.Ba3 Qxc5 16.Bxc5 Rb7
17.Nd2 Nd7 18.Bxd4 O-O 19.Nb3 Rb4 20.Nc5 Re8 21.a3 Rbb8 22.Nxd7 Bxd7 23.Bxa7 Rb2
24.a4 Bc8 25.a5 Ba6 26.Kf1 f6 27.Be3 Reb8 28.Rec1 Kf7 29.Ke1 Ke6 30.Kd1 R2b3
31.Bd4 Kd6 32.Kc2 c5 33.Bc3 R8b7 34.Rcb1 Rxb1 35.Rxb1 Rxb1 36.Kxb1 Bc8 37.Kc2 Kc6
38.Kd2 Kd6 39.Ke3 Ke6 40.Bb2 Kd6 41.Ba3 Kc6 42.f3 Bb7 43.Kf4 Bc8 44.g4 h6
45.h4 Bd7 46.h5 Bc8 47.Ke4 Be6 48.a6  1-0

[Event "Copenhagen op"]
[Site "Copenhagen"]
[Date "1986.??.??"]
[Round "10"]
[White "Kaspersen, Morten"]
[Black "Mathe, Gaspar"]
[Result "0-1"]
[WhiteElo "2215"]
[BlackElo "2310"]

1.c4 e6 2.Nf3 d5 3.g3 Nf6 4.Bg2 Be7 5.O-O O-O 6.b3 dxc4 7.bxc4 c5 8.d3 Nc6
9.Nbd2 Rb8 10.Bb2 b6 11.Ne5 Nxe5 12.Bxe5 Bd6 13.Bc3 Nd7 14.a4 Be5 15.Qc2 a5
16.Rab1 Bb7 17.Bxb7 Rxb7 18.Bxa5 Qa8 19.Bc3 Bxc3 20.Qxc3 Qxa4 21.Rb5 Qa8
22.Ra1 Ra7 23.Rbb1 h5 24.Rxa7 Qxa7 25.Ra1 Qb7 26.Qa3 h4 27.Qa7 Qc6 28.Qa4 Qc7
29.Qb5 Qe5 30.Ra2 hxg3 31.Qxd7 gxh2+ 32.Kh1 Qxe2 33.Qc6 Qxf2 34.Qg2 Qd4 35.Ne4 Rd8
36.Nf2 Qe3 37.Qe4 Qxe4+ 38.dxe4 Rd4 39.Rc2 g5 40.Kxh2 f5 41.Kg3 Kf7 42.Kf3 Kf6
43.Ke3 Kg6 44.Rc3 Kh5 45.Rc1 Kg6 46.Kf3 g4+ 47.Kg3 Kg5 48.exf5 exf5 49.Rc2 f4+
50.Kg2 g3 51.Nh3+ Kg4 52.Ng1 Rd3 53.Rb2 f3+ 54.Nxf3 Rxf3 55.Rxb6 Rf2+ 56.Kg1 Rc2
57.Rg6+ Kf3 58.Rf6+ Ke3 59.Rg6 g2 60.Rd6 Rxc4 61.Kxg2  0-1

[Event "FRA-ch"]
[Site "Epinal"]
[Date "1986.??.??"]
[Round "10"]
[White "Manouck, Thierry"]
[Black "Meinsohn, Francis"]
[Result "1/2-1/2"]
[WhiteElo "2320"]
[BlackElo "2275"]

1.c4 e6 2.Nf3 d5 3.b3 Nf6 4.g3 c5 5.Bg2 Nc6 6.O-O Be7 7.e3 O-O 8.Bb2 b6 9.Qe2 Bb7
10.Rd1 Rc8 11.Nc3 dxc4 12.bxc4 Rc7 13.d3 Rd7 14.Ne1 Qa8 15.f4 Rfd8 16.Rd2 Na5
17.Bxb7 Qxb7 18.Nf3 a6 19.Rb1 b5 20.Ba1 b4 21.Nd1 Nc6 22.Nf2 Ne8 23.Ne4 a5
24.h4 Qa7 25.Kh2 f6 26.g4 Nd6 27.Ng3 Nf7 28.g5 f5 29.Nh5 Bf8 30.Rg1 Qc7 31.g6 Nh6
32.gxh7+ Kh8 33.Be5  1/2-1/2

[Event "ISL-ch"]
[Site "Grundarfjordur"]
[Date "1986.??.??"]
[Round "11"]
[White "Hjartarson, Johann"]
[Black "Jonsson, Bjorgvin"]
[Result "1-0"]
[WhiteElo "2505"]
[BlackElo "2290"]

1.c4 e6 2.Nf3 d5 3.b3 Nf6 4.Bb2 c5 5.g3 Nc6 6.Bg2 d4 7.O-O Be7 8.d3 O-O 9.e4 e5
10.Nbd2 Bd7 11.h3 Ne8 12.Qe2 Nd6 13.Ne1 f6 14.f4 g5 15.f5 Kg7 16.Bf3 Be8
17.Kf2 Bf7 18.h4 h6 19.Rh1 Qd7 20.Nc2 Rh8 21.Rh3 Rh7 22.Rah1 Rah8 23.Bh5 Bxh5
24.Qxh5 Qe8 25.Qxe8 Nxe8 26.g4 Kg8 27.Nf1 Ng7 28.Ng3 Nd8 29.Bc1 Nf7 30.Bd2 b6
31.b4 Bf8 32.R3h2 Be7 33.bxc5 Bxc5 34.Nb4 Bxb4 35.Bxb4 Nd8 36.Be7 Kf7 37.hxg5 fxg5
38.Bxg5 Nc6 39.Bxh6 Nb4 40.Ke2 Nxa2 41.g5  1-0